Obsah a štruktúra riadenia verejných financií v SR bakalárska práca

Gespeichert in:
Bibliographische Detailangaben
1. Verfasser: Striešková, Kristína
Körperschaft: Národohospodárska fakulta EU. Katedra financií
Weitere Verfasser: Čambalová, Andrea
Format: Buch
Sprache:Slowakisch
Veröffentlicht: Bratislava 2009
Tags: Tag hinzufügen
Keine Tags, Fügen Sie das erste Tag hinzu!

MARC

LEADER 00000nam$a2200000$$$4500
001 0103748
005 20240318141431.5
041 0 |a slo 
044 |a SK 
245 1 0 |a Obsah a štruktúra riadenia verejných financií v SR  |b bakalárska práca  |c Kristína Striešková ; škol. Andrea Čambalová 
264 1 |a Bratislava  |c 2009 
300 |a 42 s. 
100 1 |a Striešková, Kristína 
700 1 |a Čambalová, Andrea 
710 2 |a Národohospodárska fakulta EU. Katedra financií